Víctor Jara: canciones y biografía
Gorde:
| Formatua: | Liburua |
|---|---|
| Hizkuntza: | gaztelania |
| Argitaratua: |
Santiago
Lusic y Asociados
2000
|
| Gaiak: | |
| Etiketak: |
Etiketa erantsi
Etiketarik gabe, Izan zaitez lehena erregistro honi etiketa jartzen!
|
MARC
| LEADER | 00000nam a2200000 a 4500 | ||
|---|---|---|---|
| 001 | UCK7911 | ||
| 003 | CL-VaPUC | ||
| 008 | 051230e20000000CL |||||||||||||||||spa|d | ||
| 082 | 0 | 4 | |a 781.6283 |b VIC |2 21 |
| 245 | 1 | 0 | |a Víctor Jara: canciones y biografía |
| 300 | |a 56 p | ||
| 942 | |c BK | ||
| 945 | |d 20051230 00:00:00 |a cmena | ||
| 260 | |a Santiago |b Lusic y Asociados |c 2000 | ||
| 600 | 0 | |a Jara Martínez, Víctor Lidio |d 1932-1973 |9 464382 | |
| 650 | 7 | |a CANCIONEROS |2 CL-VaPUC |9 497609 | |
| 650 | 0 | |a Música chilena |9 306643 | |
| 650 | 0 | |a Biografías |9 255210 | |
| 650 | 0 | |a Canto a lo humano |9 433764 | |
| 650 | 0 | |a Partituras |9 324008 | |
| 650 | 0 | |a Compositores chilenos |9 306644 | |
| 583 | |a last modification |c 20051230 00:00:00 |k Rodrigo Vera | ||
| 999 | |c 315747 |d 315745 | ||
| 952 | |0 0 |1 0 |4 0 |6 781_628300000000000_VIC_2000 |7 0 |8 A |9 389417 |a BIBEDU |b BIBEDU |d 2019-11-22 |i 4196139 |o 781.6283 VIC 2000 |p 4196139 |r 2023-01-12 |w 2019-11-22 |y BK |k MUS | ||